Central Library OPAC University of Rajshahi

Human relations and organizational behaviour / (Record no. 22775)

MARC details
000 -LEADER
fixed length control field 00669nam a22002297a 4500
001 - CONTROL NUMBER
control field 22775
003 - CONTROL NUMBER IDENTIFIER
rucl marc code BD-RjUL
005 - DATE AND TIME OF LATEST TRANSACTION
control field 20211209000841.0
008 - FIXED-LENGTH DATA ELEMENTS--GENERAL INFORMATION
fixed length control field 140309s1989 ii a|||| |||| 001 0 eng d
020 ## - INTERNATIONAL STANDARD BOOK NUMBER
International Standard Book Number 8120402197
035 ## - SYSTEM CONTROL NUMBER
System control number (BD-RjUL)22840
040 ## - CATALOGING SOURCE
Original cataloging agency BD-RjUL
Language of cataloging eng
Transcribing agency BD-RjUL
Modifying agency BD-RjUL
041 ## - LANGUAGE CODE
Language code of text/sound track or separate title eng
082 00 - DEWEY DECIMAL CLASSIFICATION NUMBER
Classification number 650.11
Author mark and year DWH 1989
100 1# - MAIN ENTRY--PERSONAL NAME
Personal name Dwivedi, R.S.
9 (RLIN) 48084
245 10 - TITLE STATEMENT
Title Human relations and organizational behaviour /
Statement of responsibility, etc. by R.S. Dwivedi
260 ## - PUBLICATION, DISTRIBUTION, ETC. (IMPRINT)
Place of publication, distribution, etc. New delhi :
Name of publisher, distributor, etc. Oxford & IBH pub. co.pvt. Ltd.,
Date of publication, distribution, etc. 1989
300 ## - PHYSICAL DESCRIPTION
Pagination xiv, 509p. :
Illustrations illus. :24cm.
504 ## - BIBLIOGRAPHY, ETC. NOTE
Bibliography, etc Include index
650 #0 - SUBJECT ADDED ENTRY--TOPICAL TERM
Topical term or geographic name as entry element Organizational effectiveness.
9 (RLIN) 42222
942 ## - ADDED ENTRY ELEMENTS (KOHA)
Source of classification or shelving scheme Dewey Decimal Classification
Koha item type Books
Holdings
Lost status Source of classification or shelving scheme Damaged status Not for loan Collection code Permanent Location Current Location Shelving location Date acquired Source of acquisition Cost, normal purchase price Total Checkouts Full call number Date last seen Copy number Koha item type
  Dewey Decimal Classification     Non-fiction Central Library, University of Rajshahi Central Library, University of Rajshahi   24/05/1990 Karim Int. Dhaka 96.00   650.11 DWH 1989 09/03/2014 C-2 Books
  Dewey Decimal Classification   Not For Loan Non-fiction Central Library, University of Rajshahi Central Library, University of Rajshahi Reading Room 27/07/1982 Ali garh library, rajshahi 49.50   650.11 DWH 1989 27/06/2019 C-1 Books
  Dewey Decimal Classification     Non-fiction Central Library, University of Rajshahi Central Library, University of Rajshahi   27/07/1982 Ali garh library, rajshahi 49.50   650.11 DWH 1989 27/06/2019 C-3 Books
  Dewey Decimal Classification     Non-fiction Central Library, University of Rajshahi Central Library, University of Rajshahi   27/07/1982 Ali garh library, rajshahi 49.50   650.11 DWH 1989 27/06/2019 C-4 Books